000
00430nam a2200169Ia 4500
008
100917s9999 xx 000 0 und d
082
_b
9454
100
_a
टोळ दत्ता
245
_a
भिरभिरे
260
_b
---
365
_b
1.5
520
_a
बालविभाग
630
_a
भिरभिरे
650
_a
बालविभाग
730
_a
भिरभिरे
942
_c
BOOK
999
_c
614848
_d
614845